Giáo trình giải tích hàm
Giáo trình gồm 4 chương: Không gian tuyến tính định chuẩn,các nguyên lý cơ bản của giải tích hàm, tôpô yếu và toán tử compac, không gian Hilbert
Guardado en:
| Autor principal: | |
|---|---|
| Formato: | Libro |
| Lenguaje: | Undetermined |
| Publicado: |
Cần Thơ
Trường Đại học Cần Thơ
2010
|
| Materias: | |
| Etiquetas: |
Agregar Etiqueta
Sin Etiquetas, Sea el primero en etiquetar este registro!
|
| Thư viện lưu trữ: | Trung tâm Học liệu Trường Đại học Cần Thơ |
|---|
| LEADER | 00822nam a2200205Ia 4500 | ||
|---|---|---|---|
| 001 | CTU_165440 | ||
| 008 | 210402s9999 xx 000 0 und d | ||
| 020 | |c 24200 | ||
| 082 | |a 515.7 | ||
| 082 | |b Đ552 | ||
| 100 | |a Lê, Hồng Đức | ||
| 245 | 0 | |a Giáo trình giải tích hàm | |
| 245 | 0 | |c Lê Hồng Đức biên soạn | |
| 260 | |a Cần Thơ | ||
| 260 | |b Trường Đại học Cần Thơ | ||
| 260 | |c 2010 | ||
| 520 | |a Giáo trình gồm 4 chương: Không gian tuyến tính định chuẩn,các nguyên lý cơ bản của giải tích hàm, tôpô yếu và toán tử compac, không gian Hilbert | ||
| 650 | |a Functional analysis,Giải tích hàm | ||
| 904 | |i Kim Lan, Bạch Trúc | ||
| 980 | |a Trung tâm Học liệu Trường Đại học Cần Thơ | ||